Mexicans - Sudden Death - Statistics

General Stats
  • This quiz has been taken 479 times
    103 since last reset
  • The average score is 6 of 16
Answers on the Grid
Answers color-coded by a green-red scale on the quiz's grid according to % correct below.
Guillermo del Toro
Andy Garcia
Frida Kahlo
Pancho Villa
Hulk Hogan
Salma Hayek
Pablo Escobar
Sergio Pérez
Canelo Álvarez
John Leguizamo
Diego Rivera
Carlos Valderrama
Thalía
Alberto Fujimori
Carlos Slim
Diego Forlán
Sofía Vergara
Vicente Fernández
Pablo Neruda
Julio César Chávez
Gloria Estefan
Salvador Allende
Emiliano Zapata
Vicente Fox
Shakira
El Santo
Edinson Cavani
J Balvin
Octavio Paz
Hugo Sanchez
 
Answer Stats
Answer % Correct
Frida Kahlo
67%
Guillermo del Toro
64%
Pancho Villa
56%
Salma Hayek
53%
Carlos Slim
44%
Emiliano Zapata
44%
Diego Rivera
42%
Canelo Álvarez
36%
Vicente Fox
35%
Julio César Chávez
33%
Hugo Sanchez
31%
Vicente Fernández
29%
Sergio Pérez
25%
Octavio Paz
20%
El Santo
16%
Thalía
15%
No matching quizzes found
Score Distribution
Percent of People with Each Score
Percentile by Number Answered
Your Score History
You have not taken this quiz since the last reset